| 000 | 01148nam0a2200325 4500 | ||
|---|---|---|---|
| 001 | RU\NLR\bibl\268415 | ||
| 005 | 20250620132141.0 | ||
| 010 |
_a5-7866-0162-5 _92000 |
||
| 021 |
_aRU _b2001-64392 _93131 |
||
| 035 | _a(NLR Aleph) 000263974 | ||
| 090 |
_a1542476 _c1542476 |
||
| 100 | _a20020517d2002 |||y0rusy50 ca | ||
| 101 | 0 | _arus | |
| 102 | _aRU | ||
| 105 | _aa ||||||||| | ||
| 200 | 1 |
_aСтатистика доходов населения _fА. Е. Суринов |
|
| 210 |
_aМ. _cФинстатинформ _d2002 |
||
| 215 |
_a237,[1] с. _cил. _d21 |
||
| 320 | _aБиблиогр.: с. 224-237 (242 назв.) | ||
| 606 | 0 |
_aДоходы населения _xСтатистика _91021051 _3RU\NLR\AUTH\66390201 |
|
| 610 | 0 | _aРеальные доходы населения - Статистические методы изучения | |
| 686 | 1 | _aУ051.9(2)-94 | |
| 700 | 1 |
_aСуринов _bА. Е. _gАлександр Евгеньевич _4070 |
|
| 801 | 0 |
_aRU _bRKP _c20020517 _gPSBO |
|
| 801 | 1 |
_aRU _bRKP _c20020517 |
|
| 801 | 2 |
_aRU _bNLR _c20020719 _grcr |
|
| 942 | _cBOOK | ||
| 980 | _aNB | ||